Welcome to the Holygrace Academy Library

Please use search bar below to get started

ARIVINTE ADBUTALOKATHIL (Record no. 7109)

MARC details
000 -LEADER
fixed length control field 00329nam a22001337a 4500
020 ## - INTERNATIONAL STANDARD BOOK NUMBER
ISBN 81-300-2393-9
082 ## - DEWEY DECIMAL CLASSIFICATION NUMBER
Classification number 894.812
Item number SIV/A
100 ## - MAIN ENTRY--AUTHOR NAME
Personal name SIVADAS, S
245 ## - TITLE STATEMENT
Title ARIVINTE ADBUTALOKATHIL
260 ## - PUBLICATION, DISTRIBUTION, ETC. (IMPRINT)
Place of publication KOZHIKODE
Name of publisher POORNA PUBLICATIONS
Year of publication 2022
300 ## - PHYSICAL DESCRIPTION
Number of Pages 116
650 ## - SUBJECT ADDED ENTRY--TOPICAL TERM
Topical Term MALAYALAM/ CHILDRENS LITERATURE
Geographic subdivision KERALA
942 ## - ADDED ENTRY ELEMENTS (KOHA)
Koha item type Books
Holdings
Withdrawn status Lost status Collection code Home library Current library Shelving location Date acquired Source of acquisition Cost, normal purchase price Full call number Accession Number Koha item type
    Fiction Main Library Main Library NEW SHELF WITH NEW ENTRY 26/10/2023 purchase 145.00 894.812 SIV/A 13189 Books